Central Library OPAC University of Rajshahi

Introduction to solid state physics / (Record no. 71656)

MARC details
000 -LEADER
fixed length control field 00669nam a2200229 a 4500
001 - CONTROL NUMBER
control field 71656
003 - CONTROL NUMBER IDENTIFIER
rucl marc code BD-RjUL
005 - DATE AND TIME OF LATEST TRANSACTION
control field 20211209082136.0
008 - FIXED-LENGTH DATA ELEMENTS--GENERAL INFORMATION
fixed length control field 170506r19681966nyua b 001 0 eng d
035 ## - SYSTEM CONTROL NUMBER
System control number 71872(BD-RjUL)
040 ## - CATALOGING SOURCE
Original cataloging agency DLC
Transcribing agency DLC
Modifying agency DLC
-- BD-RjUL
Language of cataloging eng
041 ## - LANGUAGE CODE
Language code of text/sound track or separate title eng
082 00 - DEWEY DECIMAL CLASSIFICATION NUMBER
Classification number 530.41
Edition number 23
Author mark and year KII 1968
100 1# - MAIN ENTRY--PERSONAL NAME
Personal name Kittel, Charles.
9 (RLIN) 26819
245 10 - TITLE STATEMENT
Title Introduction to solid state physics /
Statement of responsibility, etc. Charles Kittel.
250 ## - EDITION STATEMENT
Edition statement 3rd ed.
260 ## - PUBLICATION, DISTRIBUTION, ETC. (IMPRINT)
Place of publication, distribution, etc. New York :
Name of publisher, distributor, etc. Wiley & sons,
Date of publication, distribution, etc. c1966, [printing 1968].
300 ## - PHYSICAL DESCRIPTION
Pagination 648 p. :
Illustrations ill. ;
Size 25 cm.
504 ## - BIBLIOGRAPHY, ETC. NOTE
Bibliography, etc Includes bibliographies and index.
650 #0 - SUBJECT ADDED ENTRY--TOPICAL TERM
Topical term or geographic name as entry element Solid state physics.
9 (RLIN) 23918
942 ## - ADDED ENTRY ELEMENTS (KOHA)
Source of classification or shelving scheme Dewey Decimal Classification
Koha item type Books
Holdings
Lost status Source of classification or shelving scheme Damaged status Not for loan Collection code Permanent Location Current Location Shelving location Date acquired Total Checkouts Full call number Date last seen Copy number Koha item type Source of acquisition Cost, normal purchase price Total Renewals Date checked out
  Dewey Decimal Classification   Not For Loan Non-fiction Central Library, University of Rajshahi Central Library, University of Rajshahi Reading Room 06/05/2017   530.41 KII 1968 06/05/2017 C-1 Books        
  Dewey Decimal Classification     Non-fiction Central Library, University of Rajshahi Central Library, University of Rajshahi   09/02/1970   530.41 KII 1968 07/05/2017 C-2 Books Zeitlinger 117.00    
  Dewey Decimal Classification     Non-fiction Central Library, University of Rajshahi Central Library, University of Rajshahi   08/05/2017   530.41 KII 1968 08/05/2017 C-3 Books Zeitlinger      
  Dewey Decimal Classification     Non-fiction Central Library, University of Rajshahi Central Library, University of Rajshahi   14/10/1970   530.41 KII 1968 08/05/2017 C-4 Books Zeitlinger 44.00    
  Dewey Decimal Classification     Non-fiction Central Library, University of Rajshahi Central Library, University of Rajshahi   14/10/1970   530.41 KII 1971 08/05/2017 C-5 Books Zeitlinger 44.00    
  Dewey Decimal Classification     Non-fiction Central Library, University of Rajshahi Central Library, University of Rajshahi   14/10/1970   530.41 KII 1968 08/05/2017 C-6 Books Zeitlinger 44.00    
  Dewey Decimal Classification     Non-fiction Central Library, University of Rajshahi Central Library, University of Rajshahi   17/07/1970 2 530.41 KII 1968 15/12/2021 C-7 Books Sweet & Zeitlinger 117.00   15/12/2021